000
00342pab a2200145 454500
008
180718b2003 xxu||||| |||| 00| 0 eng d
100
_a
Prasad, T. Srinivas
245
_a
Regional rural banks: performance evaluation
260
_c
2003
300
_a
p.20-23.
362
_a
Aug
650
_a
Banks
773
_a
Kurukshetra
909
_a
57572
999
_c
57572
_d
57572